|
|
|
|
| LEADER |
00000nam a2200000 a 4500 |
| 001 |
vtls010595027 |
| 003 |
SK-MaSNL |
| 005 |
20260301215100.0 |
| 007 |
co cg muuua |
| 008 |
160429s2014 xo | fs 100 0 slo |
| 015 |
|
|
|a SNBS2015
|
| 020 |
|
|
|a 9788055315805 (elektronická kniha)
|
| 040 |
|
|
|a SNK
|b slo
|c SNK
|e AACR2
|
| 041 |
0 |
|
|a slo
|a cze
|
| 044 |
|
|
|a xo
|c SK
|
| 072 |
|
7 |
|a 681.5
|x Automatizačná a riadiaca technika
|2 konspekt
|
| 080 |
|
|
|a 681.5
|2 2001
|
| 080 |
|
|
|a (062.534)
|2 2001
|
| 080 |
|
|
|a (0.034.44)
|2 2001
|
| 111 |
2 |
|
|a Automatizácia a riadenie v teórii a praxi
|d (2014 :
|c Stará Lesná, Slovensko)
|9 162096
|
| 245 |
1 |
0 |
|a Automatizácia a riadenie v teórii a praxi 2014
|h elektronický zdroj
|b workshop odborníkov z univerzít, vysokých škôl a praxe v oblasti automatizácie a riadenia : 5.-7. február 2014, Stará Lesná, SR
|c zostavovatelia: Jaroslav Šeminský ... [et al.]
|
| 246 |
3 |
3 |
|a ARTEP 2014
|
| 250 |
|
|
|a 1. vyd.
|
| 260 |
|
|
|a V Košiciach
|b Technická univerzita
|c 2014
|
| 300 |
|
|
|a 1 elektronický optický disk (CD-ROM)
|b fareb.
|c 12 cm
|
| 500 |
|
|
|a Názov z titulnej obrazovky
|
| 504 |
|
|
|a Bibliogr. odkazy
|
| 516 |
|
|
|a Textový dokument (zborník), súbory vo formáte html, pdf, jpg, doc
|
| 536 |
|
|
|a Projekt "Výskum a vývoj inteligentných aktuátorov na báze umelých svalov", kód ITMS: 26220220103
|
| 538 |
|
|
|a Technické požiadavky: internetový prehliadač, PDF prehliadač, prehliadač obrázkov, textový editor
|
| 546 |
|
|
|a Text čiast. aj čes.
|
| 650 |
0 |
7 |
|a automatizácia
|2 SNKPH
|9 1428
|
| 650 |
0 |
7 |
|a automatické riadenie
|2 SNKPH
|9 67900
|
| 650 |
0 |
7 |
|a riadiace systémy
|2 SNKPH
|9 20165
|
| 650 |
0 |
7 |
|a Automation
|2 SNKPHeng
|9 277006
|
| 650 |
0 |
7 |
|a Automatic control
|2 SNKPHeng
|9 82090
|
| 650 |
0 |
7 |
|a Control systems
|2 SNKPHeng
|9 312768
|
| 655 |
|
7 |
|a elektronické zdroje
|2 SNKPH
|9 90954
|
| 655 |
|
7 |
|a CD-ROM
|2 SNKPH
|9 70236
|
| 655 |
|
7 |
|a zborníky konferencií
|2 SNKPH
|9 70153
|
| 655 |
|
7 |
|a Proceedings of conferences
|2 SNKPHeng
|9 265791
|
| 655 |
|
7 |
|a Electronic resources
|2 SNKPHeng
|9 175546
|
| 700 |
1 |
|
|a Šeminský, Jaroslav
|4 com
|9 9772
|
| 700 |
1 |
|
|a Mižáková, Jana
|4 com
|9 338335
|
| 700 |
1 |
|
|a Rimár, Miroslav
|4 com
|9 40669
|
| 700 |
1 |
|
|a Piteľ, Ján,
|d 1961-
|4 com
|9 54338
|
| 752 |
|
|
|a Slovensko
|d Košice
|
| 919 |
|
|
|a 978-80-553-1580-5
|
| 958 |
|
|
|a NB
|
| 999 |
|
|
|c 926825
|d 928755
|
| 952 |
|
|
|a SNK
|b SNK
|y PREZ
|7 0
|p 17A1109612
|o snkSCDM 6515
|i snk2014/10743
|8 0
|0 0
|1 0
|4 0
|d 2014-05-06
|l 0
|r 2026-02-24 08:36:21
|w 2026-02-24
|